000 00463nam a2200169 4500
003 SEACOMEC
005 20250418125929.0
008 250418b |||||||| |||| 00| 0 eng d
020 _a978-0136354260
_c460.00
040 _aSEACOMEC
082 _a621.38275
_bS477
100 _aJohn M. Senior
245 _aOptical Fiber Communications : Principles and Practice /
_cJohn M. Senior
250 _a2nd ed
260 _aNew Delhi :
_bPearson,
_c1992
942 _cBOOK
999 _c2204
_d2204